00333nam a2200145Ia 45000030006000000080041000060400015000471000031000622450031000932500011001242600017001353000006001525460012001580050017001700STCL150530s9999 xx 000 0 und d aSTCLcSTCL aBesant, W.A.; Ramsey, A.S. aTreatise on hydromechanics aNineth bG.Bellc1925 a0 aEnglish20220125170141.0